<?xml version="1.0" encoding="UTF-8"?><?xml-stylesheet type="text/xsl" href="static/style.xsl"?><OAI-PMH xmlns="http://www.openarchives.org/OAI/2.0/" xmlns:xsi="http://www.w3.org/2001/XMLSchema-instance" xsi:schemaLocation="http://www.openarchives.org/OAI/2.0/ http://www.openarchives.org/OAI/2.0/OAI-PMH.xsd"><responseDate>2026-06-29T09:38:51Z</responseDate><request verb="GetRecord" identifier="oai:docta.ucm.es:20.500.14352/99969" metadataPrefix="marc">https://docta.ucm.es/rest/oai/request</request><GetRecord><record><header><identifier>oai:docta.ucm.es:20.500.14352/99969</identifier><datestamp>2024-08-21T23:47:55Z</datestamp><setSpec>com_20.500.14352_14</setSpec><setSpec>col_20.500.14352_15</setSpec></header><metadata><record xmlns="http://www.loc.gov/MARC21/slim" xmlns:dcterms="http://purl.org/dc/terms/" xmlns:xsi="http://www.w3.org/2001/XMLSchema-instance" xmlns:doc="http://www.lyncode.com/xoai" xsi:schemaLocation="http://www.loc.gov/MARC21/slim http://www.loc.gov/standards/marcxml/schema/MARC21slim.xsd">
   <leader>00925njm 22002777a 4500</leader>
   <datafield ind2=" " ind1=" " tag="042">
      <subfield code="a">dc</subfield>
   </datafield>
   <datafield ind2=" " ind1=" " tag="720">
      <subfield code="a">Martínez Soto, Ángel</subfield>
      <subfield code="e">author</subfield>
   </datafield>
   <datafield ind2=" " ind1=" " tag="720">
      <subfield code="a">Rosado Cubero, Ana Isabel</subfield>
      <subfield code="e">author</subfield>
   </datafield>
   <datafield ind2=" " ind1=" " tag="260">
      <subfield code="c">2020</subfield>
   </datafield>
   <datafield ind2=" " ind1=" " tag="520">
      <subfield code="a">Tras la pérdida de las últimas colonias españolas, la industria del azúcar nacional experimento un reajuste importante. Se mantuvo la pequeña producción basada en la caña, pero los grandes inversores apostaron por el desarrollo del cultivo de la remolacha y por la industria azucarera basada en esa materia prima. Un sector importante de los fabricantes españoles se agrupó en 1903 en la Sociedad General Azucarera (SGA), que se especializó fundamentalmente en la fabricación de azúcar de remolacha y alcanzó una cuota importante de las ventas. La constitución del llamado trust fue controvertida, pero los promotores del proyecto consiguieron privilegios adicionales del Estado. No obstante, y pese a contar con unas condiciones aparentemente favorables, el trust acabó fracasando. Partiendo de estos hechos, que han sido ya ampliamente analizados por los historiadores, este artículo se centra en dos debates que no han recibido la misma atención: la polémica que rodeó a la conformación de la empresa en 1903 y los conflictos con las empresas no asociadas, agricultores y almacenistas. Posteriormente analizaremos el debate teórico entre los economistas más relevantes de la época en torno a las causas de la quiebra técnica de la SGA y el papel del Estado en 1914. Ese mismo año, se creó la asociación de fabricantes de azúcar a fin de reordenar el sector.</subfield>
   </datafield>
   <datafield ind1="8" ind2=" " tag="024">
      <subfield code="a">Martínez Soto, Á. &amp; Rosado Cubero, A. I. «Creación, quiebra y remodelación del trust azucarero español: la Sociedad General Azucarera Española (1903-1916)». Investigaciones de Historia Económica, 2020. https://doi.org/10.33231/j.ihe.2020.04.009.</subfield>
   </datafield>
   <datafield ind1="8" ind2=" " tag="024">
      <subfield code="a">1698-6989</subfield>
   </datafield>
   <datafield ind1="8" ind2=" " tag="024">
      <subfield code="a">10.33231/j.ihe.2020.04.009</subfield>
   </datafield>
   <datafield ind1="8" ind2=" " tag="024">
      <subfield code="a">https://hdl.handle.net/20.500.14352/99969</subfield>
   </datafield>
   <datafield ind1="8" ind2=" " tag="024">
      <subfield code="a">https://doi.org/10.33231/j.ihe.2020.04.009</subfield>
   </datafield>
   <datafield ind1="8" ind2=" " tag="024">
      <subfield code="a">https://recyt.fecyt.es/index.php/IHE/index</subfield>
   </datafield>
   <datafield ind2="0" ind1="0" tag="245">
      <subfield code="a">Creación, quiebra y remodelación del trust azucarero español: la Sociedad General Azucarera Española (1903-1916)</subfield>
   </datafield>
</record></metadata></record></GetRecord></OAI-PMH>